India remembered / (Record no. 89682)
[ view plain ]
| 000 -LEADER | |
|---|---|
| fixed length control field | 00635cam a2200193 a 4500 |
| 001 - CONTROL NUMBER | |
| control field | 15078114 |
| 005 - DATE AND TIME OF LATEST TRANSACTION | |
| control field | 20170102113954.0 |
| 008 - FIXED-LENGTH DATA ELEMENTS--GENERAL INFORMATION | |
| fixed length control field | 071113s2007 ii a 001 0deng |
| 020 ## - INTERNATIONAL STANDARD BOOK NUMBER | |
| International Standard Book Number | 9781862057593 |
| 040 ## - CATALOGING SOURCE | |
| Transcribing agency | PK-LaUMT |
| 082 ## - DEWEY DECIMAL CLASSIFICATION NUMBER | |
| Classification number | 954.0359 |
| Item number | MOU-I |
| 100 1# - MAIN ENTRY--PERSONAL NAME | |
| Personal name | Mountbatten, Pamela |
| 245 10 - TITLE STATEMENT | |
| Title | India remembered / |
| Statement of responsibility, etc | Pamela Mountbatten ; foreword by India Hicks |
| 260 ## - PUBLICATION, DISTRIBUTION, ETC. (IMPRINT) | |
| Place of publication, distribution, etc | London : |
| Name of publisher, distributor, etc | Pavilion Books, |
| Date of publication, distribution, etc | 2007 |
| 300 ## - PHYSICAL DESCRIPTION | |
| Extent | 240 p. : |
| Other physical details | ill. ; |
| Dimensions | 25 cm. |
| 500 ## - GENERAL NOTE | |
| General note | "A personal account of the Mountbattens during the transfer of power"--Cover. |
| 650 #0 - SUBJECT ADDED ENTRY--TOPICAL TERM | |
| Topical term or geographic name as entry element | British |
| Geographic subdivision | India |
| General subdivision | Social life and customs |
| Chronological subdivision | 20th century. |
| 942 ## - ADDED ENTRY ELEMENTS (KOHA) | |
| Koha item type | Books |
| Withdrawn status | Lost status | Damaged status | Home library | Current library | Date acquired | Full call number | Barcode | Date last seen | Price effective from | Koha item type |
|---|---|---|---|---|---|---|---|---|---|---|
| UMT Main Campus | UMT Main Campus | 2017-01-02 | 954.0359 MOU-I | 104687 | 2023-04-17 | 2017-01-02 | Books |
